[Event "Beijing zt 3.3"]
[Site "Beijing"]
[Date "2005.10.22"]
[Round "4"]
[White "Yu, Shaoteng"]
[Black "Bu, Xiangzhi"]
[Result "1-0"]
[WhiteElo "2516"]
[BlackElo "2637"]
[Annotator "Psakhis,L"]
[PlyCount "85"]
[EventDate "2005.10.20"]
[EventType "tourn"]
[EventRounds "9"]
[EventCountry "CHN"]
[EventCategory "10"]
[SourceTitle "CBM 110"]
[Source "ChessBase"]
[SourceDate "2006.01.31"]
[SourceVersion "1"]
[SourceVersionDate "2006.01.31"]
[SourceQuality "1"]

1. e4 c5 2. Nf3 d6 3. Bb5+ Nd7 4. d4 a6 5. Bxd7+ Bxd7 6. O-O cxd4 7. Qxd4 Bg4 {
Rare move.} (7... e5) (7... Rc8) (7... Nf6 $5) 8. Nfd2 (8. Qd3 Nf6 9. c4 Rc8 (
9... g6 10. b3 Bg7 11. Bb2 O-O 12. h3 Bd7 13. Nc3 Qa5 14. Rfe1 Rfd8 15. Nd5
Nxd5 16. Bxg7 Nf4 17. Qc3 Qh5 18. Bd4 Bxh3 {Majeric,Z (2359)-Kovacevic,A (2537)
/Borovo Summer 2005/0-1 (47)}) 10. b3 g6 11. Nc3 Bg7 (11... Bxf3 12. Qxf3 Nd7
13. e5) 12. Nd4 O-O 13. f3 Bd7 14. Be3 Qa5 15. a4 e6 16. Nde2 (16. Rac1 Rfd8
17. Rfd1 Be8) 16... d5 17. cxd5 exd5 18. Bd4 (18. e5 Bf5 19. Qd1 (19. Qd2 Nd7
20. Nxd5 Qxd2 21. Bxd2 Rfe8) 19... Nd7 20. Nxd5 Rfe8 21. b4 Qd8 22. f4 f6) (18.
exd5 Bf5 19. Qd2 Qb4 20. g4 (20. Rac1 Qxb3 21. Nd4 Qb4 22. Nxf5 gxf5) 20...
Nxg4 21. fxg4 Qxg4+ 22. Kf2 Qh4+) 18... Be6 (18... dxe4 19. fxe4 Ng4 20. Nd5)
19. e5 (19. exd5 Nxd5 20. Bxg7 Kxg7 21. Nxd5 Qxd5 22. Nd4) 19... Nd7 20. Qe3
Rfe8 21. f4 f6 22. exf6 Nxf6 {Oratovsky,M (2480)-Gelfand,B (2691)/EU-Cup
Belgrade 1999/CBM 69/[ 0-1 (32)}) (8. Nc3 Bxf3 (8... e6 9. a4 Ne7 10. Ne1 Bh5
11. Nd3 Bg6 12. a5 Nc6 13. Qa4 Be7 14. Be3 O-O 15. Rfd1 Bf6 16. Nf4 Qe7 17. Qa3
Ne5 18. Nxg6 hxg6 19. Qb3 Rac8 20. Ra4 Ng4 21. Bb6 Bxc3 22. bxc3 Qg5 {1/2-1/2
Ricardi,P (2545)-Bu Xiangzhi (2615)/Calvia Olympiad 2004/ (48)}) 9. gxf3 e6 10.
Rd1 Rc8 11. Bf4 Rc6 12. Rd3 f6 13. Qb4 Qb6 14. Qa4 Kf7 15. Rad1 g5 16. Be3 Qxb2
17. Rb1 b5 18. Rxb2 bxa4 19. Nxa4 Ne7 {0-1 Jansa,V (2495)-Shabalov,A (2505)/
Oslo Cup 1991/ChessBase (43)}) 8... Nf6 9. Nc4 $146 {Deviating from the theory
at very early stage, but it is not easy to recommend this move - it looks that
Black could get nice game.} ({Worth considering simple} 9. Nc3 e5 (9... Rc8 10.
Nd5 Nd7 11. b3 e5 12. Qa7 Rb8 13. Ba3 Be6 14. Nc4 Bxd5 15. exd5 Qc7 16. f4 Rc8
17. Rad1 f6 18. fxe5 Nxe5 19. Nxe5 fxe5 20. Qf2 Rd8 21. Rd3 $18 {Grigorjev,
A-Krapivner,J/corr 1990/ChessBase/1-0 (35)}) 10. Qd3 b5 11. a4 b4 12. Nd5 Nxd5
13. exd5 Bh5 14. Nc4 a5 15. Be3 Rb8 16. f4 exf4 17. Bd4 f3 18. Rae1+ Be7 19.
Bxg7 fxg2 20. Rf2 Rg8 21. Bf6 Bg6 22. Qg3 {1-0 De Dovitiis,A (2365)-Bulo,P 
(2195)/Villa Ballester Alberto 2004}) 9... Be2 10. Nb6 (10. Re1 e5 $1 11. Qc3 (
11. Nxe5 dxe5 12. Qxe5+ Be7 13. Nc3 Bc4 $17) 11... Nxe4 12. Qe3 Bxc4 13. Qxe4
Qc7 14. Nc3 Qc6 $6 $15) 10... e5 $6 ({It's interesting what Yu Shaoteng had in
mind in the case of} 10... Bxf1 $142 11. Kxf1 (11. Nxa8 Bxg2 (11... Bb5 $5) 12.
e5 Bh3 $1 13. Qc3 (13. exf6 gxf6 $1 $19 {[%cal Rh8g8]}) 13... Qxa8 14. Qxh3 (
14. exf6 Qc8 $1 $19) 14... dxe5 $17) 11... Rb8 12. Qa4+ Nd7 13. Be3 e6 14. Nc3
Qc7 {[%cal Gc7c6] and I am not sure that white has full compensation for
exchange.}) 11. Qb4 d5 (11... Bxf1 12. Kxf1 Rb8 13. Bg5 $16 {[%csl Gd5]}) 12.
Qb3 Bxf1 (12... Rb8 13. Re1 dxe4 14. Nc3 Bb5 15. Be3 Bc6 16. Rad1 $44) 13. Kxf1
dxe4 $6 ({Black should have preferred} 13... Rb8 $142 $5 14. Bg5 Qd6 15. Bxf6
Qxf6 16. Nxd5 Qh6 17. Nbc3 Bc5 $5 $132) 14. Nc3 {Unlike Black who has not
completed his development yet, all White pieces are involved in the struggle
and aim at the poor black monarch.} (14. Qa4+ Ke7 (14... Nd7 15. Nxa8 Qxa8 16.
Qxe4 Qc8 17. Nc3 $14) 15. Qb4+ Ke8 16. Qa4+ $11) 14... Rb8 15. Qa4+ Ke7 (15...
Nd7 16. Ncd5 $1 (16. Be3 Qc7 17. Rd1 Rd8 (17... Qc6 $2 18. Rxd7) 18. Ncd5 Qc6
19. Bg5 $5 f6 (19... Qxa4 $4 20. Nc7#) 20. Qxc6 bxc6 21. Nc7+ Ke7 22. Be3 Nxb6
23. Bc5+ Kf7 24. Rxd8 Na4 $13) 16... f6 (16... Bc5 17. Bg5 $1 f6 $140 18. Bxf6
$1 gxf6 19. Nxd7 $18) 17. Be3 Rc8 18. Rd1 $40 {[%csl Ga4,Gb6,Gd1,Gd5,Rd7,Ge3,
Re8]}) 16. Bg5 $1 {[%cal Ra1d1] White calmly brings more pieces into attack,
making Black's survival impossible.} Qd4 $8 (16... Ke6 17. Bxf6 gxf6 (17...
Kxf6 18. Rd1 Qe8 19. Nd7+ Kg5 20. Nxe4+ Kg6 21. Qb3 $18) 18. Qb3+ Kf5 19. Nxe4
$1 $18) 17. Qb3 (17. Ncd5+ $142 $1 Ke6 (17... Kd6 18. c4 $1) 18. Qb3 Nxd5 19.
Be3 $16) 17... Ke8 $8 18. Bxf6 (18. Rd1 $143 Qb4 $8 19. Ncd5 Nxd5 20. Nxd5 Qc5
$8 (20... Qd6 21. Qc4 {[%cal Cf7f6,Cf6g5,Rd5c7]}) 21. Nf6+ $1 gxf6 22. Bxf6 Bd6
23. Bxh8 Ke7 $13) 18... Bc5 $1 (18... gxf6 19. Rd1 Qb4 20. Ncd5 $1 $18) 19. Bh4
e3 (19... Bxb6 20. Rd1 Qc5 21. Na4 Qb5+ 22. Qxb5+ axb5 23. Nxb6 f6 24. Rd7 $18)
20. Qa4+ $1 Qxa4 21. Ncxa4 Bxb6 22. Nxb6 {White has both positional and
material advantage, so the rest is pretty clear.} f6 (22... exf2 23. Rd1 {
[%cal Of1f2,Rd1d7]}) 23. fxe3 $18 Rd8 {[%cal Gd8d6]} 24. a4 Ke7 (24... Rd2 25.
Rc1 Ke7 26. Be1) 25. Be1 Ke6 26. Bb4 g5 27. Ke2 g4 28. a5 h5 29. Ra4 (29. Na4
$5 {[%cal Ga4c5]}) 29... Rh7 30. Bc3 Rc7 31. Rb4 Rd6 32. e4 $1 {[%cal Gb6d5]}
Rc5 33. Nd5 Rd7 (33... f5 34. Rxb7 fxe4 35. Ne3 $18) 34. Rb6+ {This rook had a
splendid career in this game!} Rc6 35. Rxc6+ bxc6 36. Nb4 {Rest is simple} Ra7
37. Nxc6 Ra8 38. Nb4 Ra7 39. Bd2 f5 40. exf5+ Kxf5 41. Be3 Ra8 42. c4 Ke4 43.
Bb6 1-0

[Event "Asia-ch 4th"]
[Site "Doha"]
[Date "2003.02.22"]
[Round "1"]
[White "Nezad, Husein Aziz"]
[Black "Zagrebelny, Sergey"]
[Result "0-1"]
[WhiteElo "2334"]
[BlackElo "2540"]
[Annotator "Psakhis,L"]
[PlyCount "40"]
[EventDate "2003.02.22"]
[EventType "swiss"]
[EventRounds "9"]
[EventCountry "QAT"]
[SourceTitle "CBM 094"]
[Source "ChessBase"]
[SourceDate "2003.05.26"]
[SourceVersion "1"]
[SourceVersionDate "2003.05.26"]
[SourceQuality "1"]

1. e4 c5 2. Nf3 d6 3. Bb5+ Nd7 4. c3 (4. d4 {Is more common move.}) 4... Ngf6
5. Qe2 a6 6. Ba4 c4 $5 {[%mdl 512]} (6... e5 $5 7. O-O {leads to Spanish like
kind of positions} Be7 8. d4 b5 9. Bc2 O-O 10. dxe5 dxe5 11. a4 Bb7 12. Bg5 Bc6
13. Rd1 Qc7 14. Nbd2 h6 15. Bh4 c4 $11 {1/2-1/2 Abramovic,B-Mikhalchishin,A/
Ptuj 82/(165) 2000 (21)}) 7. Bxd7+ (7. O-O e5 8. Bc2 Qc7 9. a4 d5 10. exd5 Nxd5
11. Na3 Bxa3 12. Rxa3 Nf4 13. Qe3 f6 14. b3 Nb6 15. a5 Nbd5 {Rocha,S-Van den
Doel,E/Lisboa op 2000/1-0 (51)}) (7. Bc2 $5 b5 8. b3 cxb3 9. axb3 e5 10. O-O
Be7 11. d4 Qc7 12. Nh4 Nb6 13. Bd3 O-O $13 {1/2-1/2 Komliakov,V-Kurnosov,I/
Serpukhov-12 A 2002 (25)}) (7. Qxc4 $2 b5 8. Qc6 Rb8 $19) 7... Bxd7 8. Qxc4
$146 {I can't recommend this move, but othercase why White exchanged his
light-coloured bishop.} (8. e5 dxe5 9. Nxe5 b5 10. Nxd7 Qxd7 11. a4 Rd8 12.
axb5 axb5 13. Ra5 e6 14. b3 Nd5 {0-1 Kucera,P-Hausner,I/CZE t-ch2 1999 (38)})
8... Bb5 $1 {Black take advantage of the fact that White's king temporarily
stuck in the centre.} 9. Qd4 (9. Qb3 Nxe4 10. d4 Qd7 $1 $15) 9... e5 10. Qe3 (
10. Qb4 d5 11. Qb3 Nxe4 $36) 10... Ng4 11. Qg5 $8 {[%csl Rg5]} Qc8 $5 {Black
could exchange queens -} (11... Qxg5 12. Nxg5 Bd3 13. f3 Nf6 14. Nh3 d5 $1 $44
{with great compensation for the pawn, but he has all reasons to keep queens
on the board.}) 12. d4 Be7 13. Qd2 (13. Qxg7 $2 {lose immediately after} Qc4
$19) 13... f5 (13... Nf6 $5) 14. Qc2 ({Maybe} 14. exf5 Qxf5 {will be less evil,
but Black keeps initiative any case, for example} (14... e4 15. Qf4 $1 Qc4 $140
$6 16. Qxe4) 15. h3 Qe4+ 16. Kd1 Nf6 17. Re1 Qg6 18. dxe5 Ne4 $5 (18... Qxg2 $2
19. Nh4) (18... dxe5 19. Qg5 $132) 19. Qe3 Qxg2 20. Kc2 $1 d5 $36) 14... fxe4
15. Qxe4 Nf6 16. Qc2 (16. Qe3 $5 Nd5 17. Qe4 Nb4 $1 $40) 16... e4 17. Ng5 ({
It is just impossible to make move like} 17. Ng1 {[%csl Ra1,Rb1,Rc1,Rg1,Rh1]})
17... Bd3 18. Qb3 $2 {And White fails to find the better continuation! He
could continue resistance just after} (18. Qd1 $8 O-O $17) 18... Qg4 $19 {
Zagrebelny brings most important piece into attack, making White's survival
impossible.} 19. Qf7+ Kd7 20. f3 Qxg2 (20... Qxg2 21. Qe6+ Ke8 22. Qf7+ Kd8 23.
Ne6+ Kc8 $19) 0-1

[Event "Poikovsky Karpov 06th"]
[Site "Poikovsky"]
[Date "2005.03.05"]
[Round "7"]
[White "Sadvakasov, Darmen"]
[Black "Grischuk, Alexander"]
[Result "0-1"]
[WhiteElo "2635"]
[BlackElo "2710"]
[Annotator "Psakhis,L"]
[PlyCount "80"]
[EventDate "2005.02.26"]
[EventType "tourn"]
[EventRounds "9"]
[EventCountry "RUS"]
[EventCategory "18"]
[SourceTitle "CBM 106"]
[Source "ChessBase"]
[SourceDate "2005.06.06"]
[SourceVersion "1"]
[SourceVersionDate "2005.06.06"]
[SourceQuality "1"]

1. e4 {Ftacnik} c5 2. Nf3 d6 3. Bb5+ Nc6 4. O-O Bd7 5. Re1 Nf6 6. c3 ({White
could have thought about} 6. h3 $5 {avoiding the move Bg4.}) 6... a6 7. Bf1 Bg4
8. d3 ({White could play immediately} 8. d4 cxd4 9. cxd4 d5 10. e5 {with the
possible continuation} Ng8 $5 11. e6 $5 ({or} 11. Be3 e6 12. h3 Bxf3 13. Qxf3
Nge7 14. Nc3 Nf5 15. Rad1 b5 16. a3 Rc8 17. Ne2 Be7 {with a good play, Wang
Yue - Kharlov, Moscow 2004}) 11... Bxe6 12. Qb3 Bc8 13. Nc3 Nf6 14. Bg5 Na5 15.
Qa4+ Bd7 (15... b5 $2 {was losing to} 16. Bxb5+ $1) 16. Qd1 Bg4 $132) 8... e6
9. Nbd2 Be7 10. h3 Bh5 11. g4 (11. Qc2 d5 12. Nh2 Qc7 13. g3 O-O 14. Ndf3 b5
15. e5 Nd7 16. Bf4 b4 $13 {1/2-1/2 Sokolov,A-Volzhin,A/Russia (ch) 1996/(48)})
11... Bg6 12. Nh4 Nd7 {Ftacnik: 'In this variation black is building his
counterplay around the weaknesses of the exposed kingside of his opponent. The
negative news will be the demise of the white squared bishop. '} (12... d5 {
is another option, but after, for example} 13. f4 dxe4 14. dxe4 Nd7 15. Nxg6
hxg6 16. e5 Nb6 17. Qf3 Qc7 18. Ne4 {with better chances for White in the game
Grischuk - Babula, EU-Cup Panormo 2001.}) 13. Nxg6 (13. Ng2 O-O (13... h5 14.
f4 hxg4 15. hxg4 Bh7 $146 (15... Bh4 16. Re3 f6 17. Nxh4 Rxh4 18. Qf3 Ke7 19.
Qg3 Qh8 20. Bg2 e5 21. Nf3 Rh7 22. Re2 Bf7 23. g5 Bh5 24. Nh4 Kd8 25. Rf2 {
Pugachev,A-Zezulkin,J/Kobanya op 1992/TD 92\11/1-0 (62)}) 16. Nf3 g5 $11 17. f5
$15 (17. Nxg5 Bxg5 18. fxg5 Nde5 $14) 17... Nde5 18. Nxe5 Nxe5 19. Ne3 Bg8 20.
Bg2 Bf6 {1/2-1/2 Larsen,B-Hansen,S/Esbjerg 1997/CBM 60/ (60)}) 14. f4 h6 15.
Qf3 Bh7 16. Qg3 Kh8 17. Nf3 Qc7 18. Kh2 Rae8 19. Bd2 b5 20. Rad1 Qb7 21. f5
Nde5 $132 {1/2-1/2 Vescovi,G-Movsesian,S/Bermuda Fourways 2004/ (32)}) 13...
hxg6 14. f4 (14. Nf3 Nde5 15. Nxe5 (15. Be3 Nxf3+ 16. Qxf3 e5 17. Qd1 Bg5 18.
Bg2 Bxe3 19. fxe3 Qd7 20. d4 cxd4 21. exd4 Qc7 22. Re2 O-O 23. Rd2 Rad8 24. h4
g5 25. h5 Rfe8 {1/2-1/2 Xu Yuhua-Wang Lei/CHN t-chW Suzhou 2001/ (46)}) 15...
dxe5 16. Be3 O-O 17. a3 b6 18. Qd2 Qc7 19. b4 Rad8 20. Qa2 Rd7 21. Rab1 Rc8 22.
bxc5 Bxc5 23. Bxc5 bxc5 $11 {[%csl Rf1] 0-1 Miljutin,O-Ovsijevitsch,S/Alushta
op 2000 (35)}) (14. Bg2 Bg5 (14... Nde5 $5 15. Nf1 g5 16. Ng3 c4 17. d4 Nd3 $13
{Boksberger-Menacher/corr./1991}) 15. d4 (15. Nc4 Bxc1 16. Rxc1 (16. Nxd6+ $2
Ke7 17. Nxb7 Qb6 18. Rxc1 Qxb7 19. d4 Rhd8 $17) 16... Qc7 $11) 15... Qc7 16.
Nc4 Bxc1 17. Rxc1 b5 18. Ne3 (18. Nxd6+ Qxd6 19. e5 Qc7 20. d5 exd5 $2 (20...
Ndxe5 $1 21. dxc6 Rd8 $17) 21. Qxd5 Rc8 22. e6 $40) 18... Rd8 19. d5 exd5 20.
Nxd5 Qa7 21. Qd2 Nde5 $1 {0-1 Grosar,A-Hracek,Z/Altensteig 1995/ChessBase/
[Horvath,T] (44)}) (14. Nb3 e5 15. d4 cxd4 16. cxd4 Bg5 17. d5 Na7 18. Bxg5
Qxg5 19. Na5 Rb8 20. Rc1 Qd8 21. b4 O-O 22. Re3 Rc8 23. a3 Rxc1 24. Qxc1 Qb8
25. Rc3 Nf6 26. f3 Rc8 27. Rxc8+ Nxc8 28. h4 Nb6 29. Qc2 Kf8 30. Kh2 Ke7 31.
Bxa6 {1-0 Grosar,A-Sergejev,R/EU-chTM 1997/EXP 57}) 14... Bh4 (14... e5 15. f5
Bg5 (15... gxf5 16. exf5 d5 17. Bg2 {[%csl Rd5]}) 16. Nc4 (16. fxg6 fxg6 17.
Qb3 $5) 16... Bxc1 17. Rxc1 Nb6 (17... b5 $5 18. Ne3 (18. Nxd6+ $2 Ke7 {
[%csl Rd6]}) 18... Qg5 19. Nd5 Rc8 $13) 18. Ne3 gxf5 ({I would prefer} 18... g5
$5 {keeping position close.}) 19. exf5 d5 20. Bg2 Kf8 (20... Qd6 21. Qb3 Ne7
22. c4 $5 d4 23. Nf1 {[%cal Gf1d2,Gd2e4]}) 21. Qf3 f6 (21... d4 22. Nc4 (22.
Nd1 $5 {[%cal Gd1f2]}) 22... Nxc4 23. dxc4 {[%csl Gg2]}) 22. Red1 d4 (22... Ne7
$5) 23. Nf1 dxc3 24. bxc3 Qc7 25. Qf2 Ne7 (25... Na4 26. Ng3 (26. d4 $5) 26...
Rd8 27. Ne4 $16) 26. d4 Rd8 (26... Re8 $5) 27. dxe5 Rxd1 28. Rxd1 fxe5 29. Ng3
{Zvjaginsev,V-Xu Jun/RUS-CHN m Moscow 2004/CBM 103/[Psakhis]/1-0 (31)} Rh6 30.
Ne4 {[%cal Gf2c5,Ge4g5] 1-0 Zvjaginsev,V-Xu Jun/RUS-CHN m Moscow 2004/CBM 103/
[Psakhis] (30)}) (14... g5 $5 15. f5 Nde5 16. Nf3 Bf6 17. Be3 b5 18. a3 Rc8 19.
Rc1 O-O 20. Nh2 Re8 21. b3 Nd7 22. Nf3 d5 23. fxe6 fxe6 24. exd5 exd5 25. d4
$14 {1/2-1/2 Lipka,J-Shaposhnikov,E/Pardubice KB op 2003/ (45)}) 15. Re2 g5 {
Beyond any doubt this move is the most crucial for the evaluation of the whole
variation.} 16. Nf3 {'?!' Ftacnik. Ftacnik: 'The new move, that can be
criticized despite the exchange of the second enemy's bishop. The critical
line is surely the daring 16.f5! creating some targets in black's structure. '}
({The best way is actually} 16. f5 $5 {keeping the position more closed but
leaving Black with his bishop on h4 '!' Ftacnik.} Nde5 (16... Bg3 {could be
met by} 17. fxe6 fxe6 18. Qb3 Rh6 19. Nf3 {with a good play for White '+/='
Ftacnik.}) 17. Re3 O-O 18. Bg2 {and White is doing well:} b5 ({or} 18... d5 19.
exd5 exd5 20. Nf3 Nxf3+ 21. Qxf3 d4 22. Re4 dxc3 23. bxc3 Qf6 (23... Qd6 $13)
24. Bb2 Rad8 25. Rd1 {1-0 Rublevsky,S-Timoshenko,G/Moscow 2004/ (54) with
advantage '~~' Ftacnik. Ftacnik: 'Rublevsky,S-Timoshenko,G/Moscow 2004/ 1-0 
(55)'}) 19. Nf3 Nxf3+ 20. Rxf3 b4 21. Be3 {'+/=' Ftacnik. Ftacnik: '1/2-1/2
Potkin,V-Timoshenko,G/Ismailia 2004/ (35)'} Rb8 22. Qd2 Ne5 23. Rff1 Qe7 24.
Qe2 a5 25. d4 Nd7 26. Qd2 Nb6 27. b3 Nd7 28. Rad1 Rfd8 29. cxb4 axb4 $13 {
1/2-1/2 Potkin,V-Timoshenko,G/Ismailia 2nd Misr Closed 2004/(35)}) (16. Nc4 {
Ftacnik} O-O $5 (16... Qc7 17. f5 $13) 17. Nxd6 Qc7 18. e5 gxf4 19. Bxf4 Ncxe5
$1 $15) 16... gxf4 17. Nxh4 (17. Bxf4 Qf6 18. Qd2 g5 $5 19. Nxg5 Nde5 $36)
17... Qxh4 18. Bxf4 e5 19. Bh2 {[%csl Rf1,Rh2]} Nf8 {[%cal Gf8e6,Ge6f4]
Ftacnik: 'The position is too closed for the might of two bishops. Black
knights are enjoying good squares, especially the critical f4 one. Grischuk's
chances are at least not worse. '} 20. a3 $1 {Immidiately starting counter
play on the queen's side} Ne6 21. b4 O-O-O (21... Nf4 $5 22. Re3 Qh6 23. Rf3 g5
) 22. Rb1 {[%cal Gb4b5]} Nf4 23. Re3 Qe7 (23... Qh6 24. Rf3) 24. Kh1 (24. b5
axb5 25. Rxb5 {was more to the point:}) 24... Rh6 25. Bg1 $2 {Just wasting
time.} (25. Rf3 {coudn't solve problems:} Rdh8 (25... g5 $6 {was weaker:} 26.
b5 axb5 27. Rxb5 Rdh8 28. Bxf4 exf4 (28... gxf4 $5) 29. Kg1 Ne5 30. Rf2 {
and White is okay:}) 26. bxc5 ({or} 26. Bxf4 exf4 27. Kg1 Ne5 28. Rxf4 Rxh3 29.
Bxh3 Rxh3 $19) 26... dxc5 (26... Nxh3 27. Bxh3 Rxh3 28. Rxh3 Rxh3 $36) 27. Bxf4
exf4 28. Kg1 Ne5 29. Rxf4 Rxh3 $1 30. Bxh3 Rxh3 31. Qb3 Rxd3 $17 {with a clear
advantage}) ({Savdakasov could have offered a tough resistance after} 25. Qf3
$142 $5 {with possible continuation} g5 26. Ree1 Rdh8 {and here} 27. b5 $5 axb5
28. Bxf4 exf4 29. d4 $132 cxd4 30. cxd4 Nxd4 31. Qc3+ Nc6 32. Rxb5 f6 {with
better chances for black , but white has chances for real counter play.}) 25...
Rdh8 26. Kh2 Nd8 $5 {[%cal Gd8e6,Ge6g5] Grischuk brings his knight to g5
increasing pressure over the main target - the h3 pawn.} (26... Qh4 $5 27. Kh1
Qg5) 27. bxc5 (27. b5 a5 $1 {keeping the position closed on the queen side.})
27... dxc5 28. g5 (28. Bf2 Nde6 29. Rb6 {[%cal Gb6h6]} g6 $1 30. Qa4 Nxh3 $1
31. Rxh3 Rxh3+ 32. Bxh3 Nf4 $19) 28... Qxg5 29. Rg3 Nde6 $1 (29... Qe7 {
was also not bad.}) 30. Be3 $8 ({Of course,} 30. Rxg5 {was impossible due to}
Rxh3+ 31. Bxh3 Rxh3# {checkmate!}) 30... Qd8 31. d4 $1 {Having no desire for
passive defence, White tries to break open the files on the queenside} cxd4 32.
cxd4 Nxd4 (32... exd4 $5 {was also strong enough.}) 33. Bxf4 (33. Qg4+ {
did not help much:} Nde6 34. Bxa6 $5 Rxh3+ 35. Rxh3 Rxh3+ 36. Qxh3 Nxh3 37.
Bxb7+ Kd7 38. Rd1+ (38. Kxh3 Qf6 $1 39. Kg2 Nd4 $19) 38... Nd4 39. Bxd4 Ke6 $1
40. Bd5+ Kd6 $1 $19 41. Bb3 Qh8 42. Bc3+ Kc6 43. Kg3 g5 {[%cal Rh8h4]}) 33...
exf4 34. Qg4+ ({Yet, the endgame after} 34. Qc1+ $142 Qc7 35. Qxc7+ Kxc7 36.
Rxg7 Nf3+ 37. Kh1 Ne5 $1 $19 {doesn't promise too many chances for white to
successful defence.}) 34... Ne6 35. Rc3+ Kb8 36. Qe2 $6 ({The lesser evil for
White was} 36. e5 $142 $5 {[%cal Of1a6,Gf1g2] with idea to put the bishop on
the long diagonal was more tenacious. Here} Qd2+ {did not win a rook as White
had} 37. Qg2 Qxg2+ 38. Bxg2 b5 39. a4 Ng5 $5 40. axb5 a5 $17 {[%cal Gf4f3]})
36... Qd7 (36... Nd4 $5 37. Qf2 (37. Qb2 Qd7 38. Rd3 f3 $1 {[%cal Rh6h3]})
37... Qd6 {[%cal Rf4f3]}) 37. Qf2 (37. Qxa6 Ng5 $19) 37... g5 38. Bxa6 (38.
Rcb3 Nd8 39. Bg2 {[%cal Ge4e5]}) 38... Nc5 $19 39. Bf1 Nxe4 40. Qe1 Nxc3 0-1

[Event "Santiago Entel Cup"]
[Site "Santiago de Chile"]
[Date "2004.03.27"]
[Round "10"]
[White "Arancibia Guzman, Eduardo"]
[Black "Leitao, Rafael Duailibe"]
[Result "0-1"]
[WhiteElo "2405"]
[BlackElo "2566"]
[Annotator "Psakhis,L"]
[PlyCount "85"]
[EventDate "2004.03.22"]
[EventType "tourn"]
[EventRounds "11"]
[EventCountry "CHI"]
[EventCategory "9"]
[SourceTitle "CBM 100"]
[Source "ChessBase"]
[SourceDate "2004.06.01"]
[SourceVersion "1"]
[SourceVersionDate "2004.06.01"]
[SourceQuality "1"]

1. e4 c5 2. Nf3 d6 3. Bb5+ Nc6 4. O-O Bd7 5. Re1 Nf6 6. c3 a6 7. Bf1 Bg4 8. d3
e6 9. Nbd2 Be7 10. h3 Bh5 11. g4 Bg6 12. Nh4 Nd7 13. Ng2 (13. Nxg6 hxg6 14. f4
g5 15. f5 Nde5 16. Nf3 Bf6 17. Be3 b5 18. a3 Rc8 19. Rc1 O-O $11 {1/2-1/2
Lipka,J-Shaposhnikov,E/Pardubice KB op 2003/ (45)}) 13... e5 (13... O-O 14. f4
h6 15. Qf3 Bh7 16. Qg3 Kh8 17. Nf3 Qc7 18. Kh2 Rae8 19. Bd2 b5 20. Rad1 Qb7 21.
f5 Nde5 22. Ng1 Bf6 $13 {1/2-1/2 Vescovi,G-Movsesian,S/Bermuda Fourways 2004/
(32)}) 14. f4 ({Black experiences much more difficulties after} 14. Ne3 $5 {
for example:} h5 15. Nf5 hxg4 16. hxg4 Bxf5 17. exf5 Bg5 18. Bg2 Kf8 19. Ne4
Bxc1 20. Rxc1 Nf6 21. Nxf6 gxf6 22. Re3 $14 {[%csl Gg2] 1-0 Morozevich,
A-Akopian,V/RUS-The World Moscow 2002/CBM 91/[Psakhis] (34)}) (14. Nc4 h5 15.
Be2 hxg4 16. Bxg4 Nf6 17. f4 b5 18. Nce3 exf4 19. Nxf4 Ne5 20. d4 {1/2-1/2
Glek,I-Akopian,V/Warsaw Amplico AIG Life Q/F 2003/ (20)}) 14... exf4 15. Nxf4
Nde5 $146 (15... Bh4 16. Re2 Nde5 17. Rg2 O-O 18. Be2 Bg5 19. Nf1 Bxf4 20. Bxf4
d5 21. Ng3 dxe4 22. dxe4 Qxd1+ 23. Rxd1 f6 24. Be3 b6 25. Kf2 Rfd8 26. Rgg1 Bf7
27. b3 a5 $11 {1/2-1/2 Benjamin,J-Yermolinsky,A/USA-ch Seattle 2000/ (31)}) 16.
Nf3 O-O 17. Be3 b5 ({Worth considering simple} 17... Nxf3+ $5 18. Qxf3 Bg5 19.
Nd5 Ne5 $13) 18. Bg2 (18. d4 $5) 18... Rb8 19. a3 ({I would prefer} 19. d4 $5
cxd4 20. cxd4 Nc4 21. Bc1 {[%cal Gb2b3] and after b3 white would pretend for
initiative.}) 19... a5 20. Nxe5 Nxe5 (20... dxe5 21. Nd5 Bd6 $11) 21. b3 (21.
d4 cxd4 22. cxd4 Nc4 23. Bc1 a4 $1 $11) 21... Bg5 22. d4 Nd7 23. Nd5 (23. Qd2
$5 b4 $13) 23... Bxe3+ 24. Rxe3 Re8 (24... Nb6 $5) 25. Qd2 Nf6 26. Rae1 (26.
Nxf6+ $5 Qxf6 27. b4 $1 axb4 28. axb4 cxd4 29. cxd4 $11) 26... cxd4 27. Nxf6+
Qxf6 28. cxd4 b4 $1 29. a4 (29. axb4 Rxb4 $1 $36 {[%csl Gb4]}) 29... h6 30. e5
{The text move is artificial and throws White into serious trouble.} (30. Rg3
$5 {[%cal Gg4g5]}) (30. Rf3 $5 Qe7 31. Qf4 $13 {leads to balance position.})
30... dxe5 31. dxe5 Qb6 $1 $15 {White should have stuck to a passive defense}
32. Qd6 (32. Qf2 $5 Rbd8 33. Bf1 {[%cal Gf1c4]}) 32... Qa7 33. Kh1 Rbd8 34. Qc6
Re6 35. Qb5 $6 (35. Qb7 $5) 35... Rd2 {In this (still complex) position
Black's advantage is already under question.} 36. Qc4 Qd7 37. R1e2 $6 (37. Qc5
$5) 37... Rd1+ ({A natural development of the initiative can be achieved by} 
37... Rxe2 38. Qxe2 Qd4 $17) 38. Re1 Rd2 ({Another promising possibility was} 
38... Qd2 39. Qe2 Rxe1+ 40. Qxe1 Qd4 $5) 39. Qb5 Qd8 $1 40. R1e2 Rd4 41. Re1
Kh7 42. Qc5 Rd2 $36 43. R1e2 $4 {White slips up in a difficult position.} (43.
Kg1 $5) (43. R1e2 Rxe2 44. Rxe2 Qd1+ $19) 0-1